01575nam a2200373 a 4500001001200000003000800012006001900020007001500039008004100054010001700095020003100112020002700143040002100170035002100191050002600212082001600238100003700254240005600291245015300347250001200500260008300512300001700595500005600612505009100668533015200759650003100911650002600942650002400968655002900992700002001021710001701041856012601058999001701184ebr10742108CaPaEBRm o u cr cn|||||||||080722s2008 pau s 000 0 eng d z 2008032333 z9780877853251 (alk. paper) z9780877856559 (e-book) aCaPaEBRcCaPaEBR a(OCoLC)85706482014aBX8712.H5bA35 2008eb04a236/.242221 aSwedenborg, Emanuel,d1688-1772.10aDe coelo et ejus mirabilibus.kSelections.lEnglish10aAfterlifeh[electronic resource] :ba guided tour of heaven and its wonders /cEmanuel Swedenborg ; abridged and rearranged, Donald L. Rose, editor. a2nd ed. aWest Chester, Pa. :bChrysalis Books/Swedenborg Foundation Publishers,cc2008. axvii, 196 p. aAbridged and rearranged edition of Heaven and hell.0 apt. 1. The world of spirits and our state after death -- pt. 2. Heaven -- pt. 3. Hell. aElectronic reproduction.bPalo Alto, Calif. :cebrary,d2013.nAvailable via World Wide Web.nAccess may be limited to ebrary affiliated libraries. 0aFuture lifexChristianity. 0aHeavenxChristianity. 0aHellxChristianity. 7aElectronic books.2local1 aRose, Donald L.2 aebrary, Inc.40uhttp://site.ebrary.com/lib/rucke/Doc?id=10742108zAn electronic book accessible through the World Wide Web; click to view c35350d35350